书目信息 |
| 书名: | Training for dummies | |
| 作者: | Elaine Biech | |
| 分册号: | ||
| 分册名: | 出版地: | America |
|
| 出版社: | Wiley publishing,inc | |
| 出版时间: | 2005 | |
| 页数: | 386P | |
| 开本: | 26cm | |
| 丛书名: | ||
| 中图分类号: | ||
| 科图分类号: | ||
| 其他分类号: | C975 | |
| 主题词: | ||
| 电子资源: | ||
| 000 | 00388nam0 2200145 450 | |
| 001 | 202012206652 | |
| 005 | 20121125144317.0 | |
| 008 | 20010101s | |
| 020 | @a978-0-7645-5985-3@c$21.99 | |
| 099 | @dC975@eE371 | |
| 245 | 10 | @aTraining for dummies@cElaine Biech |
| 260 | 0 | @aAmerica@bWiley publishing,inc@c2005 |
| 300 | @a386P@c26cm | |
| 905 | @b12330 | |
| 905 | @aTSG@dC975@eE371 | |
| Training for dummies / Elaine Biech.-America : Wiley publishing,inc , 2005 |
| 386P ; 26cm |
| ISBN 978-0-7645-5985-3$21.99 |
| ● |
| 相关链接 |
|
|
|
正题名:Training for dummies
索取号:C975/E371
 
预约/预借
| 序号 | 登录号 | 条形码 | 馆藏地/架位号 | 状态 | 备注 |
| 1 | 12330 | 300123300 | 社科库509/509社科库 132排2列4层/ [索取号:C975/E371] | 在馆 |